000 00948nas a2200325 4500
001 BR0702015
003 BR-BrBNA
005 20231205110731.0
007 ta
008 230509b bl.|||p| |||| 00| 00por d
040 _aBR-BrBNA
_bpor
_cBiblioteca Nacional de Agricultura
041 _a(Pt)
072 _at01
100 1 _aAlbertini, S.
100 1 _aCarmo, L.F. do
100 1 _aPrado Filho, L.G. do
245 1 _aUtilização de serragem e bagaço de cana-de-açúcar para adsorção de cádmio
650 _aCANA DE AÇÚCAR
650 _aBAGAÇO
650 _aRESÍDUO
650 _aSERRAGEM
650 _aABSORÇÃO
650 _aCADMIO
650 _aMETAL PESADO
650 _aPOLUIÇÃO
650 _aRECUPERAÇÃO DO SOLO
773 0 _tCiência e Tecnologia de Alimentos (Brazil)
_xISSN 0101-2061
_g(Jan-Mar 2007), v. 27(1) p. 113-118
_wBR0702015
909 _a202311
_bLúcia
_c55
_dLúcia Elande
942 _2AGRIS
_n0
_cANA
999 _c188791
_d188791